Общая физика: учебное пособие

מידע ביבליוגרפי
מחברים אחרים: Воробьев А. А. (редактор)
סיכום:Изложены наиболее важные для современной науки, техники и технологии разделы физики, являющиеся основой общего курса физики вузовской подготовки. Книга позволит студенту расширить свои представления об окружающем мире и подготовиться к усвоению специальных курсов по многим актуальным во­просам современной науки, техники и технологии. Это особенно важно, посколь­ку развитие науки и технологий во многом связывается со знанием и использова­нием физических законов и методов.
שפה:רוסית
יצא לאור: Москва, КноРус, 2016
סדרה:Бакалавриат
נושאים:
פורמט: MixedMaterials ספר
KOHA link:https://koha.lib.tpu.ru/cgi-bin/koha/opac-detail.pl?biblionumber=303246

MARC

LEADER 00000nam0a2200000 4500
001 303246
005 20231102001602.0
010 |a 9785406017784 
035 |a (RuTPU)RU\TPU\book\328467 
090 |a 303246 
100 |a 20150901d2016 m y0rusy50 ca 
101 0 |a rus 
102 |a RU 
105 |a a j 001zy 
200 1 |a Общая физика  |e учебное пособие  |f под ред. А. А. Воробьева 
210 |a Москва  |c КноРус  |d 2016 
215 |a 800 с.  |c ил. 
225 1 |a Бакалавриат 
320 |a Библиогр.: с. 799-800. 
320 |a Предм. указ.: с. 791-798. 
330 |a Изложены наиболее важные для современной науки, техники и технологии разделы физики, являющиеся основой общего курса физики вузовской подготовки. Книга позволит студенту расширить свои представления об окружающем мире и подготовиться к усвоению специальных курсов по многим актуальным во­просам современной науки, техники и технологии. Это особенно важно, посколь­ку развитие науки и технологий во многом связывается со знанием и использова­нием физических законов и методов. 
606 1 |a Физика  |2 stltpush  |3 (RuTPU)RU\TPU\subj\63709  |9 80688 
610 1 |a механика 
610 1 |a колебания 
610 1 |a волны 
610 1 |a механика сплошных сред 
610 1 |a молекулярная физика 
610 1 |a статическое поле 
610 1 |a электрические заряды 
610 1 |a диэлектрические свойства 
610 1 |a поле постоянных токов 
610 1 |a магнитные свойства 
610 1 |a волновая оптика 
610 1 |a квантовооптические явления 
610 1 |a квантовая механика 
610 1 |a ядерная физика 
610 1 |a элементарные частицы 
610 1 |a твердые тела 
610 1 |a физические методы 
610 1 |a учебные пособия 
675 |a 53(075.8)  |v 4 
702 1 |a Воробьев  |b А. А.  |4 340 
801 1 |a RU  |b 63413507  |c 20150901 
801 2 |a RU  |b 63413507  |c 20160302  |g RCR 
900 |a Общая физика 
942 |c BK 
951 |l 8.1 
959 |a 86/20150616  |d 3  |e 1100,00  |f ЧЗТЛ:1  |f УФ:2 
959 |a 152/20151203  |d 3  |e 1200,00  |f ЧЗТЛ:1  |f УФ:2